[Event "Kent Oliver mem"]
[Site "Winnipeg CAN"]
[Date "2000.01.09"]
[Round "4"]
[White "Gushuliak, Justin"]
[Black "Langner, David"]
[Result "0-1"]
[WhiteElo "2097"]
[BlackElo "2249"]
[PlyCount "176"]
[GameId "2160767911741535"]
[EventDate "2000.01.07"]
[EventType "swiss"]
[EventRounds "5"]
[EventCountry "CAN"]

1. e4 d5 2. exd5 Qxd5 3. Nc3 Qa5 4. d4 Nf6 5. Nf3 c6 6. Bc4 Bf5 7. Ne5 e6 8. O-O Be7 9. Qe2 Nbd7 10. Nxd7 Nxd7 11. Be3 O-O 12. Rfe1 Nb6 13. Bb3 Nd5 14. Nxd5 cxd5 15. Qd2 Qxd2 16. Bxd2 Bd6 17. c4 dxc4 18. Bxc4 Rfd8 19. Rac1 Bf8 20. Be3 Bb4 21. Red1 Be4 22. f3 Bc6 23. Kf2 h6 24. Rd3 Rd7 25. Ke2 Rad8 26. Rcd1 Bd6 27. h3 Bc7 28. a3 a6 29. Rc1 Bb6 30. Bxa6 Bxf3+ 31. Kxf3 bxa6 32. Rc6 Rd6 33. Rxd6 Rxd6 34. d5 exd5 35. Bxb6 Rxb6 36. b4 a5 37. Rxd5 axb4 38. axb4 Rxb4 39. Rd7 g6 40. g3 Kg7 41. Rd6 Rb1 42. Ra6 Rb2 43. Rc6 Rh2 44. h4 h5 45. Ra6 Rb2 46. Rc6 Rb5 47. Ra6 Rf5+ 48. Ke4 Rf6 49. Ra5 Rb6 50. Rc5 Kf6 51. Ra5 Ke6 52. Re5+ Kf6 53. Ra5 Rb4+ 54. Kf3 Rd4 55. Rb5 Ke6 56. Ra5 Rd5 57. Ra6+ Kf5 58. Ra7 f6 59. Ra4 Rd3+ 60. Kf2 Ke5 61. Ra5+ Ke4 62. Ra6 Rd2+ 63. Kf1 Kf5 64. Ra4 Ke5 65. Ra5+ Rd5 66. Ra4 Rd4 67. Ra5+ Ke4 68. Ra6 Kf5 69. Kf2 g5 70. hxg5 fxg5 71. Ra3 Kg4 72. Re3 Rd2+ 73. Kf1 Ra2 74. Rb3 Kh3 75. Rb5 g4 76. Rb3 Rg2 77. Rb5 Kxg3 78. Rxh5 Rf2+ 79. Ke1 Rf8 80. Rg5 Kh3 81. Rh5+ Kg2 82. Ra5 g3 83. Ra7 Re8+ 84. Kd2 Kf2 85. Rf7+ Kg1 86. Rg7 g2 87. Rg6 Rh8 88. Ke2 Kh1 0-1

[Event "Kent Oliver mem"]
[Site "Winnipeg CAN"]
[Date "2000.01.09"]
[Round "4"]
[White "Gustafson, Dale"]
[Black "Nikouline, Alexandre"]
[Result "0-1"]
[WhiteElo "1975"]
[BlackElo "2085"]
[PlyCount "66"]
[GameId "2160767911741536"]
[EventDate "2000.01.07"]
[EventType "swiss"]
[EventRounds "5"]
[EventCountry "CAN"]

1. e4 e6 2. d4 d5 3. exd5 exd5 4. Bd3 Bd6 5. Nf3 Bg4 6. O-O Ne7 7. c3 h6 8. Nbd2 O-O 9. Re1 Nd7 10. Nf1 c6 11. h3 Bh5 12. Ng3 Bg6 13. Ne5 Bxe5 14. dxe5 Nc5 15. Bxg6 Nxg6 16. Qd4 Ne6 17. Qb4 Qc7 18. Qg4 Nxe5 19. Qf5 Nd7 20. Bxh6 gxh6 21. Nh5 Kh8 22. Re3 Qd6 23. Rae1 Qe7 24. f4 Rg8 25. g4 Raf8 26. Kh2 Qd6 27. Kh1 Ng7 28. Nxg7 Rxg7 29. Re7 Nc5 30. Re8 Ne4 31. Rxf8+ Qxf8 32. Kg2 f6 33. c4 Qb4 0-1

[Event "Kent Oliver mem"]
[Site "Winnipeg CAN"]
[Date "2000.01.09"]
[Round "4"]
[White "Kaptsan, Aron"]
[Black "Sadov, Sergey"]
[Result "1-0"]
[WhiteElo "2108"]
[BlackElo "2073"]
[PlyCount "81"]
[GameId "2160767911741538"]
[EventDate "2000.01.07"]
[EventType "swiss"]
[EventRounds "5"]
[EventCountry "CAN"]

1. d4 Nf6 2. c4 e6 3. Nc3 Bb4 4. e3 O-O 5. Bd3 d5 6. Nf3 c5 7. a3 Ba5 8. O-O Nbd7 9. cxd5 exd5 10. Bd2 Bxc3 11. Bxc3 Ne4 12. Bxe4 dxe4 13. Nd2 Re8 14. Qc2 Qh4 15. Rfd1 Nf6 16. dxc5 Bg4 17. Re1 Bh5 18. Bxf6 gxf6 19. Nf1 Rac8 20. Ng3 Re5 21. b4 b6 22. Rac1 bxc5 23. bxc5 Bg4 24. Qa4 h5 25. c6 a5 26. f3 Be6 27. Nxe4 Bd5 28. g3 Rxe4 29. Qxe4 Bxe4 30. gxh4 Bxc6 31. Rc5 Bd7 32. Rxc8+ Bxc8 33. Rc1 Be6 34. Rc5 a4 35. Rxh5 f5 36. e4 fxe4 37. fxe4 Kg7 38. Kf2 Kg6 39. Rg5+ Kf6 40. Ke3 Ke7 41. h5 1-0

[Event "Kent Oliver mem"]
[Site "Winnipeg CAN"]
[Date "2000.01.09"]
[Round "4"]
[White "Lukic, Luka"]
[Black "Wierda, John"]
[Result "0-1"]
[WhiteElo "1952"]
[BlackElo "1777"]
[PlyCount "83"]
[GameId "2160767911741539"]
[EventDate "2000.01.07"]
[EventType "swiss"]
[EventRounds "5"]
[EventCountry "CAN"]

1. d4 e6 2. e4 d5 3. e5 c5 4. c3 Nc6 5. Nf3 Qb6 6. Be2 cxd4 7. cxd4 Bb4+ 8. Nc3 Nge7 9. O-O Bxc3 10. bxc3 Na5 11. Qc2 Bd7 12. Rb1 Qc7 13. Ba3 Rc8 14. Rfc1 Bc6 15. Nd2 O-O 16. Bd3 h6 17. Qb2 b6 18. Bd6 Qd7 19. Bb4 Nb7 20. Qa3 Rfe8 21. Qxa7 Ra8 22. Qxb6 Nc8 23. Qa6 Rxa6 24. Bxa6 Ne7 25. Nb3 Bb5 26. Bxb5 Qxb5 27. Bxe7 Rxe7 28. Nc5 Qc6 29. Nd3 Na5 30. Rb4 Nc4 31. a4 Rb7 32. Nc5 Ra7 33. Rcb1 Na5 34. f3 Kh7 35. Kf2 Qe8 36. g4 Qe7 37. Kg3 h5 38. h4 hxg4 39. fxg4 f6 40. Rb6 Qc7 41. Rxe6 fxe5 42. dxe5 0-1

[Event "Kent Oliver mem"]
[Site "Winnipeg CAN"]
[Date "2000.01.09"]
[Round "5"]
[White "Langner, David"]
[Black "Gentes, Kevin"]
[Result "1/2-1/2"]
[WhiteElo "2275"]
[BlackElo "2298"]
[PlyCount "36"]
[GameId "2160767911741541"]
[EventDate "2000.01.07"]
[EventType "swiss"]
[EventRounds "5"]
[EventCountry "CAN"]
[SourceTitle "EXT 2001"]
[Source "ChessBase"]
[SourceDate "2000.11.22"]
[SourceVersion "1"]
[SourceVersionDate "2000.11.22"]
[SourceQuality "1"]

1. e4 c5 2. Nf3 d6 3. Bb5+ Bd7 4. Bxd7+ Qxd7 5. O-O Nc6 6. d4 cxd4 7. Nxd4 Nf6 8. Nc3 e6 9. Be3 Be7 10. f3 Ne5 11. Qe2 Rc8 12. Rad1 Nc4 13. Bc1 O-O 14. b3 Ne5 15. Bb2 Nc6 16. Nxc6 Qxc6 17. Rd2 Rfd8 18. Kh1 a6 1/2-1/2

[Event "Kent Oliver mem"]
[Site "Winnipeg CAN"]
[Date "2000.01.09"]
[Round "5"]
[White "Nikouline, Alexandre"]
[Black "Kaptsan, Aron"]
[Result "1-0"]
[WhiteElo "2085"]
[BlackElo "2108"]
[PlyCount "147"]
[GameId "2160767911741542"]
[EventDate "2000.01.07"]
[EventType "swiss"]
[EventRounds "5"]
[EventCountry "CAN"]

1. e4 e5 2. Nf3 Nc6 3. Bb5 a6 4. Ba4 Nf6 5. O-O Be7 6. Re1 b5 7. Bb3 d6 8. c3 O-O 9. h3 Nb8 10. d4 Nbd7 11. Nbd2 Bb7 12. Bc2 Re8 13. Nf1 exd4 14. cxd4 d5 15. e5 Ne4 16. Ng3 Nxg3 17. fxg3 c5 18. Be3 c4 19. a3 Nf8 20. Qd2 Bc8 21. Rf1 Be6 22. Ng5 Bxg5 23. Bxg5 Qd7 24. Rf3 a5 25. Raf1 Reb8 26. Qf2 b4 27. axb4 axb4 28. g4 Rb7 29. Bf5 Ra2 30. Bb1 Ra8 31. Qg3 Qc7 32. h4 Qd7 33. h5 c3 34. bxc3 bxc3 35. Bf5 Qa4 36. Qf2 Rb2 37. Qe3 Qa2 38. R3f2 Rxf2 39. Rxf2 Qc4 40. Kh2 Ra4 41. Bc2 Rb4 42. Rf4 Rb2 43. Bd3 Qa2 44. Qg3 h6 45. Bxh6 c2 46. Rf1 Rb1 47. Bc1 Qa1 48. Qe3 Bxg4 49. h6 Ne6 50. Bxc2 Rb4 51. h7+ Kh8 52. Rxf7 Rc4 53. Qf2 Rc8 54. Bh6 Rxc2 55. Qxc2 Qxd4 56. Bf4 Qe4 57. Qxe4 dxe4 58. Kg3 Bh5 59. Re7 Nd4 60. Kf2 Kxh7 61. Rd7 Ne6 62. Ke3 Bg6 63. g4 Kg8 64. Re7 Nc5 65. Kd4 Nd3 66. Bg3 Kf8 67. Rb7 Nc1 68. Bh4 Ne2+ 69. Ke3 Nc3 70. e6 Nd5+ 71. Kd4 Nf6 72. Bxf6 gxf6 73. Ke3 f5 74. gxf5 1-0

[Event "Kent Oliver mem"]
[Site "Winnipeg CAN"]
[Date "2000.01.09"]
[Round "5"]
[White "Wierda, John"]
[Black "Gushuliak, Justin"]
[Result "0-1"]
[WhiteElo "1777"]
[BlackElo "2097"]
[PlyCount "64"]
[GameId "2160767911741544"]
[EventDate "2000.01.07"]
[EventType "swiss"]
[EventRounds "5"]
[EventCountry "CAN"]

1. Nf3 c5 2. g3 b6 3. Bg2 Bb7 4. d3 g6 5. c4 Bg7 6. Nc3 d6 7. Qc2 Nf6 8. a3 O-O 9. O-O Nbd7 10. Rd1 Rc8 11. Rb1 e5 12. Nb5 Ne8 13. Nxa7 Ra8 14. Nb5 Rb8 15. b4 f5 16. e4 h6 17. Nc3 g5 18. b5 f4 19. Rf1 Nc7 20. a4 Ne6 21. Ne2 g4 22. Nxe5 dxe5 23. f3 gxf3 24. Rxf3 Ng5 25. gxf4 Nxf3+ 26. Bxf3 exf4 27. Bxf4 Ne5 28. Bxe5 Bxe5 29. Rf1 Qh4 30. Nc1 Rf7 31. Qe2 Rbf8 32. Nb3 Qxh2+ 0-1

[Event "Kent Oliver mem"]
[Site "Winnipeg CAN"]
[Date "2000.01.09"]
[Round "5"]
[White "Xia, Yanchong"]
[Black "Klokow, John"]
[Result "1-0"]
[WhiteElo "1768"]
[BlackElo "1719"]
[PlyCount "41"]
[GameId "2160767911741545"]
[EventDate "2000.01.07"]
[EventType "swiss"]
[EventRounds "5"]
[EventCountry "CAN"]

1. e4 e5 2. Nf3 Nc6 3. Bc4 Nf6 4. Ng5 Bc5 5. Nxf7 Bxf2+ 6. Kf1 Qe7 7. Nxh8 d5 8. exd5 Nd4 9. Nc3 Bh4 10. Be2 Ng4 11. g3 Qf6+ 12. Bf3 Nxf3 13. Kg2 Ng5 14. Rf1 Qh6 15. Qe1 Nxh2 16. gxh4 Bh3+ 17. Kxh2 O-O-O 18. d3 Bxf1 19. Bxg5 Qd6 20. Bxd8 e4+ 21. Qg3 1-0

[Event "King invitation"]
[Site "Quebec CAN"]
[Date "2000.02.25"]
[Round "1"]
[White "Champetier, Serge"]
[Black "Auger, Bertrand"]
[Result "1-0"]
[WhiteElo "2031"]
[BlackElo "2078"]
[PlyCount "67"]
[GameId "2160767911733069"]
[EventDate "2000.02.25"]
[EventType "tourn"]
[EventRounds "5"]
[EventCountry "CAN"]

1. e4 e6 2. d4 d5 3. exd5 exd5 4. Nf3 Bd6 5. c4 c6 6. Nc3 Nf6 7. h3 O-O 8. c5 Re8+ 9. Be2 Bf8 10. Bg5 h6 11. Bh4 g5 12. Bg3 Nh5 13. Bh2 Nf4 14. Bxf4 gxf4 15. O-O Qf6 16. b4 Qg7 17. Kh2 Be7 18. Bd3 Nd7 19. Qd2 b6 20. Rae1 a5 21. a3 axb4 22. axb4 bxc5 23. bxc5 Nf8 24. Ne5 Bxc5 25. Nxc6 Rxe1 26. Rxe1 Bd7 27. Ne7+ Bxe7 28. Rxe7 Be6 29. Qxf4 Ra3 30. Rc7 Ra1 31. Ne2 Ra4 32. Rc3 Qg5 33. Qd6 Qd2 34. Bb5 1-0

[Event "King invitation"]
[Site "Quebec CAN"]
[Date "2000.02.26"]
[Round "3"]
[White "Auger, Bertrand"]
[Black "Beaudoin, Stephane"]
[Result "1/2-1/2"]
[WhiteElo "2078"]
[BlackElo "1967"]
[PlyCount "101"]
[GameId "2160767911733070"]
[EventDate "2000.02.25"]
[EventType "tourn"]
[EventRounds "5"]
[EventCountry "CAN"]

1. b4 e5 2. Bb2 Bxb4 3. Bxe5 Nf6 4. Nf3 O-O 5. e3 d5 6. c4 Nc6 7. Bb2 Re8 8. cxd5 Nxd5 9. Be2 Bf5 10. O-O Qe7 11. a3 Bd6 12. Qb3 Nb6 13. Nc3 Be6 14. Qc2 Nc4 15. Nd5 Bxd5 16. Bxc4 Bxf3 17. gxf3 Ne5 18. f4 Nxc4 19. Qxc4 Qe4 20. Qc3 Be5 21. d4 Qf3 22. e4 Qxc3 23. Bxc3 Bxf4 24. Rfe1 Re6 25. Ra2 Rae8 26. f3 Rc6 27. Ba1 Rc4 28. e5 c6 29. Re4 Bd2 30. Re2 Ba5 31. Rac2 Ra4 32. Bb2 Bb6 33. Rcd2 Rd8 34. Re4 Rd5 35. Kf1 Bd8 36. f4 Be7 37. Rd3 Rb5 38. Re2 g6 39. Rc2 Kf8 40. Ke2 Ke8 41. Rh3 h5 42. f5 gxf5 43. Rxh5 Rb3 44. Rxf5 Bxa3 45. Bc3 Bb4 46. Bxb4 Rbxb4 47. d5 cxd5 48. Rc7 Rb3 49. Kd2 Ra2+ 50. Kc1 Re3 51. Kd1 1/2-1/2

[Event "King invitation"]
[Site "Quebec CAN"]
[Date "2000.02.27"]
[Round "4"]
[White "Boudreau, Daniel"]
[Black "Auger, Bertrand"]
[Result "1/2-1/2"]
[WhiteElo "2018"]
[BlackElo "2078"]
[PlyCount "103"]
[GameId "2160767911733071"]
[EventDate "2000.02.25"]
[EventType "tourn"]
[EventRounds "5"]
[EventCountry "CAN"]

1. e4 e6 2. d4 d5 3. Nc3 dxe4 4. Nxe4 Nd7 5. Nf3 Ngf6 6. Bg5 Be7 7. Nxf6+ Nxf6 8. Qd2 Ne4 9. Bxe7 Nxd2 10. Bxd8 Nxf3+ 11. gxf3 Kxd8 12. O-O-O Ke7 13. f4 a5 14. Bd3 Rd8 15. c3 a4 16. Rhe1 c6 17. Re5 g6 18. h4 f6 19. Re3 Ra5 20. Rh1 Rh5 21. Rg3 Kf7 22. Be4 c5 23. dxc5 Rxc5 24. h5 Rxh5 25. Rxh5 gxh5 26. Bxh7 Rh8 27. Bg6+ Kf8 28. Rh3 h4 29. Kd2 Kg7 30. Bc2 Bd7 31. Be4 Bc6 32. Ke3 Rh5 33. b3 a3 34. Bxc6 bxc6 35. f5 e5 36. b4 Kf7 37. Ke4 Ke7 38. c4 Kd6 39. c5+ Kc7 40. f4 exf4 41. Kxf4 Kb7 42. Kg4 Rg5+ 43. Kxh4 Rxf5 44. Kg4 Rd5 45. Rxa3 Rd4+ 46. Kf5 Rxb4 47. Kxf6 Rc4 48. Ra5 Kc7 49. Ke5 Kb7 50. Ke6 Kc7 51. Ra7+ Kb8 52. Ra5 1/2-1/2

[Event "King invitation"]
[Site "Quebec CAN"]
[Date "2000.02.27"]
[Round "5"]
[White "Auger, Bertrand"]
[Black "Sauve, Richard"]
[Result "0-1"]
[WhiteElo "2078"]
[BlackElo "1969"]
[PlyCount "100"]
[GameId "2160767911733072"]
[EventDate "2000.02.25"]
[EventType "tourn"]
[EventRounds "5"]
[EventCountry "CAN"]

1. b3 c5 2. Bb2 d5 3. e3 Nf6 4. Nf3 e6 5. Be2 b6 6. O-O Bb7 7. d4 Nbd7 8. Nbd2 Bd6 9. c4 O-O 10. Rc1 Rc8 11. Re1 Qe7 12. Ne5 Rfd8 13. Bd3 cxd4 14. exd4 Bb4 15. a3 dxc4 16. Nexc4 Bxd2 17. Qxd2 Nd5 18. Bb1 N7f6 19. Ne5 Qe8 20. f4 Rxc1 21. Bxc1 Rc8 22. Bb2 Qb5 23. b4 Qa4 24. f5 exf5 25. Bxf5 Rc7 26. Bd3 Re7 27. Rf1 Qe8 28. Bc1 Qc8 29. Qf2 Ba6 30. Bxa6 Qxa6 31. Qg3 Qc8 32. b5 Qc3 33. Nc6 Re8 34. Qd6 h6 35. h3 Qd3 36. a4 Qc4 37. Qg3 Kh8 38. Qh4 Re4 39. g4 Qxa4 40. Bxh6 gxh6 41. Rxf6 Nxf6 42. Qxf6+ Kg8 43. Ne7+ Rxe7 44. Qxe7 Qxd4+ 45. Kg2 Qd5+ 46. Kg3 Qxb5 47. Qxa7 Qe5+ 48. Kh4 b5 49. Qa5 Kg7 50. Qd2 Qg5+ 0-1

[Event "Kingston op"]
[Site "Kingston CAN"]
[Date "2000.02.12"]
[Round "1"]
[White "Arseneau, Peter"]
[Black "Gottlieb, Jonathan"]
[Result "1/2-1/2"]
[WhiteElo "1944"]
[BlackElo "2133"]
[PlyCount "67"]
[GameId "2160767911733099"]
[EventDate "2000.02.12"]
[EventType "swiss"]
[EventRounds "5"]
[EventCountry "CAN"]
[SourceTitle "EXT 2022"]
[Source "ChessBase"]
[SourceDate "2021.10.06"]
[SourceVersion "1"]
[SourceVersionDate "2021.10.06"]
[SourceQuality "1"]

1. e4 c5 2. Nf3 d6 3. d4 cxd4 4. Nxd4 Nf6 5. Nc3 a6 6. Bg5 e6 7. f4 b5 8. e5 dxe5 9. fxe5 Qc7 10. Qe2 Nfd7 11. O-O-O Bb7 12. Qg4 Qb6 13. Bf4 Qc5 14. Be2 h5 15. Qg3 Nc6 16. Nxe6 fxe6 17. Ne4 Qb4 18. Qg6+ Kd8 19. Qxe6 Nd4 20. Rxd4 Qxd4 21. Rd1 Qxd1+ 22. Bxd1 Bxe4 23. Qf7 Be7 24. e6 Nf6 25. Bc7+ Kxc7 26. Qxe7+ Kc6 27. Qxg7 Nd5 28. Qd7+ Kb6 29. e7 Nxe7 30. Qe6+ Bc6 31. Qxe7 Bxg2 32. Qe3+ Kb7 33. Qe7+ Kb6 34. Qe6+ 1/2-1/2

[Event "Kingston op"]
[Site "Kingston CAN"]
[Date "2000.02.12"]
[Round "1"]
[White "Brice, Ron"]
[Black "Djerkovic, Miladin"]
[Result "1-0"]
[WhiteElo "2088"]
[BlackElo "2331"]
[PlyCount "153"]
[GameId "2160767911733100"]
[EventDate "2000.02.12"]
[EventType "swiss"]
[EventRounds "5"]
[EventCountry "CAN"]
[SourceTitle "EXT 2022"]
[Source "ChessBase"]
[SourceDate "2021.10.06"]
[SourceVersion "1"]
[SourceVersionDate "2021.10.06"]
[SourceQuality "1"]

1. c4 e5 2. g3 Nf6 3. Bg2 d5 4. cxd5 Nxd5 5. Nc3 Nb6 6. Nf3 Nc6 7. d3 Be7 8. a3 O-O 9. O-O Be6 10. b4 Nd4 11. Rb1 Nxf3+ 12. Bxf3 c6 13. Be3 Nd5 14. Nxd5 cxd5 15. Qc2 Qd7 16. Rfc1 Rac8 17. Qd1 d4 18. Bd2 Bd5 19. Bxd5 Qxd5 20. Rxc8 Rxc8 21. Rc1 Rc6 22. Rxc6 Qxc6 23. Qc1 Qxc1+ 24. Bxc1 Kf8 25. Kf1 Ke8 26. Ke1 Kd7 27. Kd1 Kc6 28. Kc2 f5 29. f3 Kd5 30. Kb3 b5 31. Kc2 h5 32. h3 h4 33. g4 fxg4 34. fxg4 e4 35. Bf4 Bf6 36. Bb8 a6 37. Ba7 Be5 38. Bb6 Bg3 39. Ba7 Bf2 40. Bb8 Bg3 41. Ba7 Be5 42. Bb6 e3 43. Kd1 Bg3 44. Ba7 Bc7 45. Bc5 a5 46. Be7 axb4 47. axb4 Ke5 48. Bc5 Kf4 49. Bxd4 Kg3 50. Ke1 Kxh3 51. Kf1 Kxg4 52. Bxg7 Bd6 53. Bc3 h3 54. Kg1 Kf5 55. Kh1 Be5 56. Be1 Bb2 57. Bg3 Be5 58. Kh2 Bxg3+ 59. Kxg3 Ke5 60. Kxh3 Kd4 61. Kg3 Kc3 62. Kf4 Kxb4 63. d4 Kc3 64. d5 b4 65. d6 b3 66. d7 b2 67. d8=Q b1=Q 68. Qa5+ Qb4+ 69. Qxb4+ Kxb4 70. Kxe3 Kc5 71. Ke4 Kd6 72. Kf5 Ke7 73. Ke5 Kd7 74. Kf6 Ke8 75. e4 Kf8 76. Ke6 Ke8 77. e5 1-0

[Event "Kingston op"]
[Site "Kingston CAN"]
[Date "2000.02.12"]
[Round "1"]
[White "Struthers, Matthew"]
[Black "Gould, Charles"]
[Result "1-0"]
[WhiteElo "2157"]
[BlackElo "1974"]
[PlyCount "99"]
[GameId "2160767911733102"]
[EventDate "2000.02.12"]
[EventType "swiss"]
[EventRounds "5"]
[EventCountry "CAN"]
[SourceTitle "EXT 2022"]
[Source "ChessBase"]
[SourceDate "2021.10.06"]
[SourceVersion "1"]
[SourceVersionDate "2021.10.06"]
[SourceQuality "1"]

1. e4 e5 2. Nf3 Nc6 3. Bc4 Be7 4. O-O d6 5. d4 Bg4 6. c3 Nf6 7. Re1 O-O 8. d5 Nb8 9. Bd3 Nbd7 10. Be3 c6 11. c4 cxd5 12. cxd5 Rc8 13. Nbd2 Nc5 14. Bc2 Bh5 15. h3 Bg6 16. Qb1 Ncd7 17. Nh4 Bxe4 18. Nxe4 Nxe4 19. Bxe4 Bxh4 20. Bxh7+ Kh8 21. Bf5 g6 22. Bxd7 Qxd7 23. Bxa7 Qb5 24. Be3 Qxd5 25. Rd1 Qc6 26. Qd3 Be7 27. Rac1 Qd7 28. Qd5 Rxc1 29. Bxc1 Kg7 30. Qxe5+ Bf6 31. Qxd6 Qxd6 32. Rxd6 Rc8 33. Bh6+ Kxh6 34. Rxf6 Rc2 35. Rb6 Rc7 36. a4 Re7 37. b4 Kg7 38. a5 Kh6 39. b5 Kg7 40. g4 Kg8 41. Kg2 Kg7 42. g5 Kg8 43. Kg3 Kg7 44. h4 Rd7 45. f3 Rc7 46. a6 bxa6 47. bxa6 Rc4 48. a7 Ra4 49. Rb7 Ra5 50. Kf4 1-0

[Event "Kingston op"]
[Site "Kingston CAN"]
[Date "2000.02.12"]
[Round "2"]
[White "Leger, Manon"]
[Black "Predescu, Sebastian"]
[Result "0-1"]
[WhiteElo "2044"]
[BlackElo "1990"]
[PlyCount "58"]
[GameId "2160767911733105"]
[EventDate "2000.02.12"]
[EventType "swiss"]
[EventRounds "5"]
[EventCountry "CAN"]
[SourceTitle "EXT 2022"]
[Source "ChessBase"]
[SourceDate "2021.10.06"]
[SourceVersion "1"]
[SourceVersionDate "2021.10.06"]
[SourceQuality "1"]

1. e4 c6 2. d4 d5 3. exd5 cxd5 4. c4 Nf6 5. Nc3 e6 6. Nf3 Be7 7. Bd3 O-O 8. O-O Nc6 9. a3 b6 10. Be3 Bb7 11. Rc1 Rc8 12. cxd5 Nxd5 13. Nxd5 Qxd5 14. Bc4 Qd6 15. Qd3 Rfd8 16. Rfd1 Bf6 17. Ba2 Ne7 18. Rxc8 Rxc8 19. Bb1 g6 20. Qe2 Qd5 21. Bf4 Nf5 22. Be5 Bxe5 23. dxe5 Qb3 24. Ng5 Nd4 25. Qd2 Rd8 26. Bc2 Qxb2 27. Qf4 Ne2+ 28. Kf1 Rxd1+ 29. Kxe2 Qxc2+ 0-1

[Event "Kingston op"]
[Site "Kingston CAN"]
[Date "2000.02.12"]
[Round "2"]
[White "Simic, Dusan"]
[Black "Brice, Ron"]
[Result "1-0"]
[WhiteElo "2292"]
[BlackElo "2088"]
[PlyCount "45"]
[GameId "2160767911733106"]
[EventDate "2000.02.12"]
[EventType "swiss"]
[EventRounds "5"]
[EventCountry "CAN"]
[SourceTitle "EXT 2022"]
[Source "ChessBase"]
[SourceDate "2021.10.06"]
[SourceVersion "1"]
[SourceVersionDate "2021.10.06"]
[SourceQuality "1"]

1. d4 Nf6 2. Nf3 e6 3. c4 c5 4. Nc3 cxd4 5. Nxd4 Bb4 6. Nc2 Bxc3+ 7. bxc3 Qa5 8. e3 O-O 9. Bd3 Qxc3+ 10. Ke2 Na6 11. Ba3 Re8 12. Rb1 Qe5 13. Rb5 Qc7 14. Rg5 d5 15. Bb2 e5 16. cxd5 Nxd5 17. Kf1 f6 18. Bxh7+ Kf8 19. Qxd5 Be6 20. Ba3+ Kf7 21. Qf3 Qc4+ 22. Kg1 Qb5 23. Qh5+ 1-0

[Event "Kingston op"]
[Site "Kingston CAN"]
[Date "2000.02.12"]
[Round "2"]
[White "Valdizon, Armando"]
[Black "McKay, Geoff"]
[Result "1-0"]
[WhiteElo "2332"]
[BlackElo "2131"]
[PlyCount "93"]
[GameId "2160767911733107"]
[EventDate "2000.02.12"]
[EventType "swiss"]
[EventRounds "5"]
[EventCountry "CAN"]
[SourceTitle "EXT 2022"]
[Source "ChessBase"]
[SourceDate "2021.10.06"]
[SourceVersion "1"]
[SourceVersionDate "2021.10.06"]
[SourceQuality "1"]

1. d4 Nf6 2. c4 g6 3. Nc3 d5 4. Nf3 Bg7 5. Bf4 O-O 6. e3 c5 7. Qb3 cxd4 8. exd4 dxc4 9. Bxc4 Nc6 10. Ne5 Nxd4 11. Nxf7 Rxf7 12. Bxf7+ Kf8 13. Qa4 b5 14. Nxb5 Nxb5 15. Qxb5 Kxf7 16. O-O Qb6 17. Qxb6 axb6 18. Be5 Be6 19. a3 Bh6 20. Rfe1 Bb3 21. Bd4 Nd5 22. g3 Rc8 23. Re2 Rc4 24. Be5 Rc2 25. Rxc2 Bxc2 26. Re1 e6 27. f4 Bf8 28. b4 b5 29. Rc1 Bd3 30. Rc8 Bc4 31. Kf2 Be7 32. Rb8 Nf6 33. Ke3 Ng4+ 34. Kd4 Nxe5 35. fxe5 Bf1 36. Rb7 h5 37. a4 bxa4 38. b5 a3 39. b6 Ke8 40. Rb8+ Kd7 41. b7 Kc6 42. Rf8 Bxf8 43. b8=Q Bc5+ 44. Kc3 Kd5 45. Qd8+ Kxe5 46. Qg5+ Kd6 47. Qf4+ 1-0

[Event "Kingston op"]
[Site "Kingston CAN"]
[Date "2000.02.12"]
[Round "3"]
[White "Djerkovic, Miladin"]
[Black "Kirby, Patrick"]
[Result "1-0"]
[WhiteElo "2331"]
[BlackElo "2090"]
[PlyCount "83"]
[GameId "2160767911733108"]
[EventDate "2000.02.12"]
[EventType "swiss"]
[EventRounds "5"]
[EventCountry "CAN"]
[SourceTitle "EXT 2022"]
[Source "ChessBase"]
[SourceDate "2021.10.06"]
[SourceVersion "1"]
[SourceVersionDate "2021.10.06"]
[SourceQuality "1"]

1. e4 e6 2. d4 d5 3. Nc3 Nf6 4. Bg5 dxe4 5. Nxe4 Be7 6. Bxf6 gxf6 7. Nf3 a6 8. Bc4 b5 9. Bb3 Bb7 10. Qe2 Nd7 11. a4 O-O 12. O-O Nb6 13. axb5 axb5 14. Rxa8 Qxa8 15. Ned2 Bc6 16. c3 Kh8 17. Bc2 f5 18. Bxf5 exf5 19. Qxe7 Rg8 20. Qf6+ Rg7 21. Qxf5 Nc4 22. g3 Nd6 23. Qf6 Kg8 24. Ne5 Bd5 25. Re1 Ne8 26. Qf4 f6 27. Ng4 Kf7 28. Nh6+ Kf8 29. Nf5 Rg6 30. Ne7 Rg7 31. Nxd5 Qxd5 32. Qe4 Qxe4 33. Nxe4 Re7 34. Kf1 Kf7 35. f3 c6 36. Ra1 f5 37. Nc5 Nc7 38. Kf2 Kg6 39. Nd3 Kf6 40. f4 h6 41. Ne5 Re6 42. Ra7 1-0

[Event "Kingston op"]
[Site "Kingston CAN"]
[Date "2000.02.12"]
[Round "3"]
[White "Gebhardt, David"]
[Black "Leger, Manon"]
[Result "0-1"]
[WhiteElo "1977"]
[BlackElo "2044"]
[PlyCount "91"]
[GameId "2160767911733109"]
[EventDate "2000.02.12"]
[EventType "swiss"]
[EventRounds "5"]
[EventCountry "CAN"]
[SourceTitle "EXT 2022"]
[Source "ChessBase"]
[SourceDate "2021.10.06"]
[SourceVersion "1"]
[SourceVersionDate "2021.10.06"]
[SourceQuality "1"]

1. e4 e5 2. Nf3 Nf6 3. Nxe5 d6 4. Nf3 Nxe4 5. d4 d5 6. Bd3 Bd6 7. O-O O-O 8. c4 c6 9. Nc3 Nxc3 10. bxc3 dxc4 11. Bxc4 Bg4 12. Qd3 Nd7 13. Ng5 Nf6 14. Bd2 Qd7 15. Rfe1 Rad8 16. Bb3 Bf5 17. Qf1 Nd5 18. Ne4 Bc7 19. g3 Bh3 20. Qd3 Bf5 21. Qf1 b6 22. Qg2 Bg6 23. c4 Ne7 24. Bc3 Nf5 25. Rad1 Rfe8 26. c5 Ne7 27. d5 Nxd5 28. Bb2 bxc5 29. Nxc5 Qc8 30. Ne4 Qg4 31. f3 Bb6+ 32. Kh1 Qc8 33. Qc2 Qf5 34. Qe2 Ba5 35. Rf1 Qc8 36. Rc1 f5 37. Rfd1 Bf7 38. Qc4 fxe4 39. fxe4 Qg4 40. exd5 Qf3+ 41. Kg1 Re2 42. Qxe2 Qxe2 43. dxc6 Rxd1+ 44. Rxd1 Bxb3 45. Rd7 Qxb2 46. c7 0-1

[Event "Kingston op"]
[Site "Kingston CAN"]
[Date "2000.02.12"]
[Round "3"]
[White "McKay, Geoff"]
[Black "Brice, Ron"]
[Result "1/2-1/2"]
[WhiteElo "2131"]
[BlackElo "2088"]
[PlyCount "60"]
[GameId "2160767911733110"]
[EventDate "2000.02.12"]
[EventType "swiss"]
[EventRounds "5"]
[EventCountry "CAN"]
[SourceTitle "EXT 2022"]
[Source "ChessBase"]
[SourceDate "2021.10.06"]
[SourceVersion "1"]
[SourceVersionDate "2021.10.06"]
[SourceQuality "1"]

1. e4 c5 2. Nf3 d6 3. d4 cxd4 4. Nxd4 Nf6 5. Nc3 a6 6. f4 Qc7 7. Bd3 g6 8. O-O Bg7 9. Kh1 O-O 10. Qe1 Nbd7 11. Nf3 Nc5 12. Qh4 Re8 13. e5 dxe5 14. fxe5 Nxd3 15. cxd3 Ng4 16. Ng5 h6 17. Nxf7 Bf5 18. Nxh6+ Nxh6 19. Bxh6 Bxh6 20. Qxh6 Qxe5 21. Rae1 Qg7 22. Qxg7+ Kxg7 23. Nd5 Rad8 24. Nc7 Rf8 25. Rxe7+ Kh6 26. h3 Bxd3 27. Rfe1 Rf1+ 28. Rxf1 Bxf1 29. Re1 Bc4 30. b3 Bg8 1/2-1/2